000 01027nmc a2200349 a 4500
003 AR-BaBNM
005 20251128211312.0
008 023120s1999 ||||||||||||||000 | spa||
020 _a84-493-0674-4
040 _cAR-BaBNM
245 1 0 _aComprensión lectora y memoria operativa
_baspectos evolutivos e instruccionales
260 _aBarcelona
_bEdiciones Paidós Ibérica
_c1999
300 _a184 p.
490 0 _aTemas de psicología
_vv. 7
504 _aContiene referencias bibliográficas p. 169-184
650 4 _aPROCESO COGNOSCITIVO
650 4 _aLENGUAJE
650 4 _aPSICOLOGIA DEL DESARROLLO
650 4 _aMEMORIA
653 _aCOMPRENSION LECTORA
653 _aPSICOLOGIA COGNITIVA
653 _aENSENANZA DE LA LENGUA
700 1 _aGarcía Madruga, Juan A.
700 1 _aElosúa, María Rosa
700 1 _aGutiérrez, Francisco
700 1 _aLuque, Juan Luis
700 1 _aGárate, Milagros
800 1 _aColl, César
800 1 _aGabucio, Fernando
942 _cBK
998 _craquel
999 _c19062
_d19062